00433nam a22001697a 4500003001100000005001700011008004100028020001500069040003900084041000800123082001700131100001800148245002300166260005000189650001000239650001400249LK-CoMWRAF20230922154958.0230922b1994 |||||||| |||| 00| 0 eng d a9960792137 aLK-CoMWRAFdLK-CoMWRAFeLK-CoMWRAF aeng a297.211bMUH aMuhammad, Umm aRealities of faith aSaudi Arabia :bAbdul-qasim publishing,c1994 aFaith aRealities